000 00429nam a2200181Ia 4500
005 20251002173134.0
008 231207s9999 xx 000 0 und d
020 _a9780415278157
040 _cPK-LaNCA
082 _a781.63
_bHUQ
100 _aHuq, Rupa
245 0 _aBeyond subculture
260 _bRoutledge
_aUK
_c2006
300 _a217p
546 _aEnglish
650 _aPopular Music, Social Aspects
942 _cMUSIC
999 _c32577
_d32577